[Event "AUTO-BEG-226"]
[Site "http://www.queenalice.com/game.php?id=420318"]
[Date "2008.6.20"]
[Round "1"]
[White "slurp"]
[Black "Diego_Martinez"]
[Result "1-0"]
[WhiteElo "1249"]
[BlackElo "1314"]

1. Nf3 f6 2. d4 e5 3. dxe5 d6 4. exf6 Nxf6 5. e3 Ng4 6. Bb5+ Bd7 7. Be2 Qh4 8.
Nxh4 Bf5 9. Nxf5 Kf7 10. Bxg4 g6 11. Qd5+ Ke8 12. Qe6+ Kd8 13. Qf6+ Kd7 14. Nd4+
Ke8 15. Qxh8 h5 16. Bh3 c5 17. Ne6 Nd7 18. Nc7+ Kf7 19. Qh7+ Bg7 20. Nxa8 Nf6
21. Be6+ Kf8 22. Qxg6 Ke7 23. Qf7+ Kd8 24. Qxg7 Ke8 25. Qxf6 c4 26. Nc7# 1-0

[Event "AUTO-BEG-226"]
[Site "http://www.queenalice.com/game.php?id=420319"]
[Date "2008.6.20"]
[Round "1"]
[White "Diego_Martinez"]
[Black "slurp"]
[Result "1-0"]
[WhiteElo "1274"]
[BlackElo "1278"]

1. e4 e5 2. c4 Nf6 3. d3 Bc5 4. d4 exd4 5. e5 Qe7 6. Qe2 d3 7. Qxd3 Ng4 8. Nh3
O-O 9. Be2 Nxe5 10. Qc2 Bb4+ 11. Kf1 Nbc6 12. a3 Bc5 13. b4 Bd4 14. Bg5 Qe6 15.
Nf4 Qe8 16. Qe4 Bxa1 17. Bd1 d6 18. Bc2 Bd7 19. Qxh7# 1-0

[Event "AUTO-BEG-229"]
[Site "http://www.queenalice.com/game.php?id=425217"]
[Date "2008.6.29"]
[Round "1"]
[White "FeralOnFire"]
[Black "slurp"]
[Result "1-0"]
[WhiteElo "1170"]
[BlackElo "1343"]

1. d3 e5 2. Nf3 Nc6 3. e4 Nf6 4. Nfd2 d6 5. Nc4 Be6 6. Nbd2 Be7 7. Be2 O-O 8.
O-O Nd4 9. Nf3 Ng4 10. Nxd4 exd4 11. Bxg4 f5 12. exf5 Bxf5 13. Bxf5 Rxf5 14. Re1
Bh4 15. Re2 Qf8 16. g3 Be7 17. Qe1 Re8 18. Ne3 dxe3 19. Bxe3 b6 20. Bf4 1-0

[Event "AUTO-BEG-229"]
[Site "http://www.queenalice.com/game.php?id=425218"]
[Date "2008.6.29"]
[Round "1"]
[White "slurp"]
[Black "FeralOnFire"]
[Result "1-0"]
[WhiteElo "1412"]
[BlackElo "1252"]

1. e4 e5 2. Nf3 Bd6 3. Bc4 Nf6 4. Nc3 b6 5. O-O O-O 6. d4 Ng4 7. Ng5 Nh6 8. Qh5
Nc6 9. Nb5 Nxd4 10. Nxd6 cxd6 11. Bd2 Nxc2 12. Rac1 Nd4 13. Bb4 Ne6 14. Bd5 Qxg5
15. Qxg5 Nxg5 16. Bxa8 Ba6 17. Rfd1 Rxa8 18. Bxd6 Nxe4 19. Bxe5 Ng4 20. Rxd7
Nxe5 21. Rdc7 Nd3 22. R1c6 Ne5 23. Rc2 Ng4 24. f3 Bd3 25. Rc8+ Rxc8 26. Rxc8#
1-0

[Event "AUTO-BEG-229"]
[Site "http://www.queenalice.com/game.php?id=425231"]
[Date "2008.6.29"]
[Round "1"]
[White "slurp"]
[Black "brrapha"]
[Result "1-0"]
[WhiteElo "1322"]
[BlackElo "1260"]

1. e4 d5 2. Nc3 c6 3. d4 Nf6 4. e5 Ng4 5. Qf3 f6 6. Qe2 fxe5 7. dxe5 d4 8. Na4
g6 9. f3 b5 10. Nc5 Qd5 11. fxg4 Qxc5 12. Qe4 Nd7 13. e6 Ne5 14. Bf4 Nxg4 15.
O-O-O Bg7 16. Nf3 Nf2 17. Qe2 Nxh1 18. Bc7 Ba6 19. Nd2 Bh6 20. Qf3 Rf8 21. Qh3
Qg5 22. Qd3 Nf2 23. Qxd4 Nxd1 24. Qd7# 1-0

[Event "AUTO-BEG-229"]
[Site "http://www.queenalice.com/game.php?id=425232"]
[Date "2008.6.29"]
[Round "1"]
[White "brrapha"]
[Black "slurp"]
[Result "0-1"]
[WhiteElo "1427"]
[BlackElo "1395"]

1. d4 e6 2. e4 Nf6 3. e5 Ne4 4. Qf3 Ng5 5. Qd3 d6 6. h4 f6 7. exf6 Qxf6 8. hxg5
Qe7 9. g6 h6 10. Nf3 Nc6 11. Ng5 e5 12. d5 Nd4 13. c3 Bf5 14. Qc4 Nc2+ 15. Kd1
O-O-O 16. Bd3 Bxd3 17. Qxd3 Nxa1 18. Na3 Qd7 19. b3 Qg4+ 20. f3 Qxg2 21. Re1
hxg5 22. Re2 Rh1+ 23. Kd2 Qf1 24. Bb2 g4 25. fxg4 Qf4+ 26. Qe3 Qxg4 27. Re1 Rh2+
28. Re2 Rxe2+ 29. Qxe2 Qg5+ 30. Qe3 Qxg6 31. Bxa1 b6 32. Qh3+ Kb7 33. Qd3 e4 34.
Qd4 Re8 35. Nc4 Qg2+ 36. Kc1 g6 37. a4 Bh6+ 38. Kb1 e3 39. a5 e2 40. Nb2 e1=Q+
41. Ka2 Qgf1 42. axb6 Qxa1# 0-1

[Event "Challenge"]
[Site "http://www.queenalice.com/game.php?id=492847"]
[Date "2008.11.13"]
[Round "-"]
[White "slurp"]
[Black "Nigo"]
[Result "0-1"]
[WhiteElo "1463"]
[BlackElo "1676"]

1. e4 e5 2. Nf3 Nc6 3. Bc4 Nf6 4. Ng5 d5 5. Bb3 h6 6. Nxf7 Kxf7 7. Qf3 Nd4 8.
Bxd5+ Qxd5 9. Qxf6+ Kxf6 10. exd5 Nxc2+ 11. Ke2 Nxa1 12. Rf1 b6 13. f4 Ba6+ 14.
d3 e4 15. Ke3 exd3 16. Ke4 Re8+ 17. Kd4 d2 18. Nxd2 Bc5+ 19. Kc3 Re3# 0-1

[Event "Challenge"]
[Site "http://www.queenalice.com/game.php?id=492984"]
[Date "2008.11.14"]
[Round "-"]
[White "slurp"]
[Black "patlang"]
[Result "0-1"]
[WhiteElo "1422"]
[BlackElo "1904"]

1. e4 e5 2. Nf3 Nc6 3. Bc4 Bc5 4. Ng5 Qxg5 5. O-O Qg6 6. d3 d6 7. h3 Bxh3 8. Qf3
Bg4 9. Qxf7+ Qxf7 10. Bxf7+ Kxf7 11. Nc3 Nf6 12. Nd5 Nxd5 13. exd5 Nb4 14. c3
Nxd5 15. b4 Bb6 16. Kh1 Be2 17. Re1 Bxd3 18. Bb2 Rhf8 19. Rad1 Bc4 20. a3 Bxf2
21. Re4 b5 22. Rd2 Bg3 23. a4 Kg8 24. Rd1 Rf2 25. Rb1 Raf8 0-1

[Event "Let's booze ! One more"]
[Site "http://www.queenalice.com/game.php?id=502237"]
[Date "2008.12.3"]
[Round "-"]
[White "slurp"]
[Black "Tchecmaurice"]
[Result "0-1"]
[WhiteElo "1466"]
[BlackElo "1796"]

1. e4 e6 2. Nf3 c6 3. d4 d5 4. e5 c5 5. Bb5+ Bd7 6. Nc3 Qa5 7. O-O Bxb5 8. Nxb5
Qxb5 9. Ng5 Nh6 10. Be3 Be7 11. Rb1 Nc6 12. b3 cxd4 13. Bf4 Nf5 14. a4 Qb6 15.
Qd2 Bxg5 16. Bxg5 Nxe5 17. a5 Qc7 18. Qb4 f6 19. Bf4 g5 20. Bd2 h5 21. f4 Ng4
22. c3 gxf4 23. Bxf4 e5 24. Bd2 Nfe3 25. Rfc1 e4 26. Qb5+ Ke7 27. g3 h4 28. cxd4
Qb8 29. Bxe3 Nxe3 30. Qc5+ Ke6 31. Re1 Ng4 32. Rf1 hxg3 33. hxg3 Qxg3# 0-1

[Event "AUTO-BEG-226"]
[Site "http://www.queenalice.com/game.php?id=505726"]
[Date "2008.12.10"]
[Round "3"]
[White "vagner_pirai"]
[Black "slurp"]
[Result "1-0"]
[WhiteElo "2066"]
[BlackElo "1454"]

1. e4 e5 2. Nf3 Nc6 3. d4 Bb4+ 4. c3 Ba5 5. d5 Nd4 6. Nxe5 d6 7. Nc4 Qe7 8. Qxd4
Bb6 9. Nxb6 cxb6 10. Bd3 f6 11. O-O Qf7 12. Bb5+ Bd7 13. Bxd7+ Qxd7 14. f4 Ne7
15. e5 Nf5 16. Qe4 dxe5 17. fxe5 g6 18. exf6+ Kf7 19. g4 Rhe8 20. Qc4 Ne3 21.
Bxe3 Rxe3 22. d6+ Kf8 23. Qd4 Rae8 24. f7 R8e4 25. Qh8# 1-0

[Event "AUTO-BEG-226"]
[Site "http://www.queenalice.com/game.php?id=505727"]
[Date "2008.12.10"]
[Round "3"]
[White "slurp"]
[Black "vagner_pirai"]
[Result "0-1"]
[WhiteElo "1456"]
[BlackElo "2064"]

1. e4 c6 2. Nc3 d5 3. d4 dxe4 4. Nxe4 Bf5 5. f3 Bxe4 6. fxe4 e6 7. Nf3 Nf6 8. e5
Nd5 9. Bc4 Be7 10. O-O c5 11. Bb5+ Nd7 12. Ng5 Bxg5 13. Bxd7+ Kxd7 14. c3 Rf8
15. Qa4+ Kc7 16. Bxg5 Qxg5 17. b4 Qe3+ 18. Rf2 Nxc3 19. Qa5+ b6 0-1

[Event "tsuki"]
[Site "http://www.queenalice.com/game.php?id=526447"]
[Date "2009.1.21"]
[Round "1"]
[White "slurp"]
[Black "pierjean"]
[Result "1-0"]
[WhiteElo "1462"]
[BlackElo "1543"]

1. e4 c5 2. Bc4 e5 3. Nf3 f6 4. O-O Nh6 5. Ng5 fxg5 6. d3 Qf6 7. Nc3 a6 8. Nd5
Qg6 9. Nc7+ Kd8 10. Nxa8 b5 11. Bd5 a5 12. Qd2 b4 13. Qxg5+ Be7 14. Qxe5 d6 15.
Qf4 Rf8 16. Qd2 Bh3 17. g3 Bg5 18. Qxg5+ Qxg5 19. Bxg5+ Kd7 20. Rfe1 Ng4 21. f4
h6 22. Nb6+ Kc7 23. Nc4 hxg5 24. fxg5 Rf2 25. Ne3 Nxe3 26. Rxe3 Rg2+ 27. Kf1
Rxh2+ 28. Ke1 Rh1+ 29. Kd2 Rxa1 30. e5 Bg4 31. Bf3 Bh3 32. e6 Rf1 33. e7 Rf2+
34. Be2 Nc6 35. e8=Q Nd4 36. Qe7+ Kc6 37. Qe4+ d5 38. Qg6+ Ne6 39. Qe8+ Kc7 40.
Qe7+ Kc6 41. Rxe6+ Bxe6 42. Qxe6+ 1-0

[Event "AUTO-BEG-229"]
[Site "http://www.queenalice.com/game.php?id=541622"]
[Date "2009.2.16"]
[Round "2"]
[White "westchessdf"]
[Black "slurp"]
[Result "1-0"]
[WhiteElo "1819"]
[BlackElo "1472"]

1. d4 d5 2. Nf3 Nc6 3. g3 e6 4. b3 Nf6 5. Bb2 Bd6 6. Nbd2 O-O 7. c4 Bb4 8. Bg2
Ng4 9. O-O Re8 10. a3 Bd6 11. c5 Bf8 12. b4 b6 13. e3 Qf6 14. e4 Ba6 15. Re1
bxc5 16. dxc5 Qxb2 17. Ng5 Nf6 18. exd5 Nd4 19. Ndf3 Ne2+ 20. Kh1 exd5 21. Nh4
h6 22. Nh3 d4 23. Bxa8 d3 24. Bc6 Re5 25. b5 Bxb5 26. Bxb5 Qxb5 27. Nf4 Bxc5 28.
Nxd3 Nc3 29. Qc2 Rxe1+ 30. Rxe1 Nce4 31. Nxc5 Nxc5 32. Rc1 Qc6+ 33. Kg1 Nfe4 34.
f3 Nf6 35. Qxc5 Qd7 36. Qxc7 Qd4+ 37. Kh1 h5 38. Qc8+ Kh7 39. Nf5 Qf2 40. Qc6
Qb2 41. Ne7 Qxa3 42. Nd5 Qxf3+ 43. Kg1 Nxd5 44. Qc2+ g6 45. Qf2 Qf5 46. Qxf5
gxf5 47. Rc5 Ne3 48. Ra5 Kg6 49. Rxa7 f6 50. Kf2 Ng4+ 51. Kg2 Nh6 52. Kf3 Nf7
53. h3 1-0

[Event "AUTO-BEG-229"]
[Site "http://www.queenalice.com/game.php?id=541623"]
[Date "2009.2.16"]
[Round "2"]
[White "slurp"]
[Black "westchessdf"]
[Result "0-1"]
[WhiteElo "1481"]
[BlackElo "1711"]

1. e4 c5 2. Bc4 e6 3. Nf3 Nc6 4. d3 d5 5. exd5 exd5 6. Bb3 Nf6 7. O-O Be7 8. c4
d4 9. Nbd2 O-O 10. Ng5 Ng4 11. h3 Nxf2 12. Rxf2 Bxg5 13. a3 Be3 14. Ne4 Bf5 15.
Bxe3 dxe3 16. Rxf5 Nd4 17. Rxc5 Re8 18. Rd5 Qb6 19. Ba4 Nc6 20. c5 Qxb2 21. Bc2
Rad8 22. Rd6 Rxd6 23. cxd6 Qd4 24. Rb1 e2+ 25. Kh1 exd1=Q+ 26. Rxd1 f5 27. Bb3+
Kh8 28. Ng5 h6 29. Nf7+ Kh7 30. Bc2 Rf8 31. Bb3 Ne5 32. Nxe5 Qxe5 33. d7 Rd8 34.
d4 Qe2 35. Bc2 Qxc2 36. Rf1 Rxd7 37. g4 Rxd4 38. gxf5 Qe4+ 39. Kg1 Qe3+ 40. Kh1
Qxh3+ 41. Kg1 Rg4+ 42. Kf2 Rg2+ 43. Ke1 Qc3+ 44. Kd1 Qd2# 0-1

[Event "Challenge"]
[Site "http://www.queenalice.com/game.php?id=566272"]
[Date "2009.4.3"]
[Round "-"]
[White "slurp"]
[Black "Martial"]
[Result "1-0"]
[WhiteElo "1470"]
[BlackElo "1424"]

1. e4 e5 2. Nf3 Nc6 3. Bc4 Bc5 4. d3 Nf6 5. O-O O-O 6. Ng5 d5 7. exd5 Nd4 8. Ne4
Bg4 9. Qe1 Nxc2 10. Qc3 Nxa1 11. Nxc5 b6 12. Ne4 Nxd5 13. Qxe5 Nf6 14. Nbc3 Qxd3
15. Bxd3 1-0